The adventures of Tom Sawyer

Spremljeno u:
Bibliografski detalji
Glavni autor: Twain, Mark
Format: Knjiga
Jezik:Undetermined
Izdano: Oxford Oxford Univ. Press 2000
Teme:
Oznake: Dodaj oznaku
Bez oznaka, Budi prvi tko označuje ovaj zapis!
Thư viện lưu trữ: Trung tâm Học liệu Trường Đại học Cần Thơ
LEADER 00533nam a2200205Ia 4500
001 CTU_65253
008 210402s9999 xx 000 0 und d
020 |c 28000 
082 |a 823.9 
082 |b T969 
100 |a Twain, Mark 
245 4 |a The adventures of Tom Sawyer 
245 0 |c Mark Twain 
260 |a Oxford 
260 |b Oxford Univ. Press 
260 |c 2000 
650 |a England literature 
650 |y 19th century 
904 |i Minh,Qhieu đã sửa 
980 |a Trung tâm Học liệu Trường Đại học Cần Thơ